Statistics for Boxing Countries

Click here to take the quiz!

General Stats

  • This quiz has been taken 27,226 times
    (12,892 since last reset)
  • The average score is 9 of 12

Answer Stats

# BoxersCountry% Correct
55
United States
100%
17United Kingdom
97%
11
Mexico
94%
10
Russia
93%
12Japan
78%
5Australia
77%
4Ukraine
70%
10
Philippines
63%
5Cuba
61%
6
South Africa
55%
4Thailand
48%
4Nicaragua
18%

Score Distribution

Percentile by Number Answered

Percent of People with Each Score

Your Score History

You have not taken this quiz since the last reset